CS:GO Major Teams - Statistics

General Stats
  • This quiz has been taken 697 times
    489 since last reset
  • The average score is 39 of 101
Answer Stats
Answer % Correct
Natus Vincere
94%
Ninjas in Pyjamas
94%
Fnatic
91%
Astralis
90%
Virtus.pro
89%
G2 Esports
87%
Team Vitality
87%
FaZe Clan
86%
Team Liquid
85%
Cloud9
83%
FURIA Esports
78%
Gambit Esports
74%
GamerLegion
73%
Heroic
73%
SK Gaming
73%
The MongolZ
73%
Luminosity Gaming
72%
Team LDLC.com
72%
ENCE
71%
MOUZ
71%
Team Envy
71%
BIG
70%
Team Spirit
67%
Outsiders
66%
MIBR
63%
Titan
63%
Complexity Gaming
61%
Renegades
55%
TYLOO
54%
Monte
53%
Eternal Fire
51%
9INE
50%
Apeks
50%
Imperial Esports
49%
paiN Gaming
49%
Team iBUYPOWER
48%
Bad News Eagles
47%
Team Dignitas
47%
Grayhound Gaming
46%
Into The Breach
46%
Team SoloMid
44%
AVANGAR
43%
Immortals
41%
Evil Geniuses
39%
NRG Esports
38%
Copenhagen Flames
37%
HellRaisers
36%
OG
35%
North
34%
OpTic Gaming
34%
9z Team
33%
FlipSid3 Tactics
33%
3DMAX
30%
FORZE Esports
30%
IHC Esports
29%
Team Kinguin
29%
Movistar Riders
28%
Space Soldiers
28%
Copenhagen Wolves
27%
Fluxo
27%
GODSENT
26%
Sprout
26%
Counter Logic Gaming
23%
00 Nation
22%
LGB eSports
22%
VeryGames
22%
Sharks Esports
20%
PENTA Sports
19%
Vega Squadron
19%
Entropiq
16%
Vox Eminor
16%
Reason Gaming
15%
Quantum Bellator Fire
14%
Clan-Mystik
13%
ViCi Gaming
13%
Astana Dragons
12%
Keyd Stars
12%
Epsilon eSports
11%
ESC Gaming
11%
Misfits Gaming
11%
Splyce
11%
Universal Soldiers
11%
Vexed Gaming
11%
INTZ eSports
10%
London Conspiracy
10%
Winstrike Team
10%
Bravado Gaming
9%
CR4ZY
9%
Flash Gaming
9%
Team eBettle
8%
Team Wolf
8%
DreamEaters
7%
Rogue
7%
Syman Gaming
7%
dAT Team
5%
n!faculty
5%
Team Immunity
5%
Planetkey Dynamics
4%
Recursive eSports
4%
myXMG
3%
Xapso
3%
No matching quizzes found
Score Distribution
Percent of People with Each Score
Percentile by Number Answered
Your Score History
You have not taken this quiz since the last reset